IAS 23 - Náklady na prijaté úvery a pôžičky

IAS 23 - Náklady na prijaté úvery a pôžičky. Ciele IAS 23 - stanoviť spôsob účtovania nákladov na prijaté úvery a pôžičky. Základné riešenie. Povolené alternatívne riešenie.

Gespeichert in:
Bibliographische Detailangaben
1. Verfasser: Vépyová, Mária
Format: Buchkapitel
Sprache:Slowakisch
Schlagworte:
Tags: Tag hinzufügen
Keine Tags, Fügen Sie das erste Tag hinzu!

MARC

LEADER 00000naa a2200000 4500
001 r047791
005 20231002075355.8
041 0 |a slo 
044 |a SK 
245 1 0 |a IAS 23 - Náklady na prijaté úvery a pôžičky  |c Mária Vépyová 
520 |a IAS 23 - Náklady na prijaté úvery a pôžičky. Ciele IAS 23 - stanoviť spôsob účtovania nákladov na prijaté úvery a pôžičky. Základné riešenie. Povolené alternatívne riešenie. 
610 2 0 |a účtovníctvo 
610 2 0 |a účtovanie nákladov 
610 2 0 |a úver 
610 2 0 |a pôžičky 
610 2 0 |a štandardy 
610 2 0 |a IAS 23 
100 1 |a Vépyová, Mária